Estadísticas de la educación, año 2001
-д хадгалсан:
| Байгууллагын зохиогч: | |
|---|---|
| Формат: | Ном |
| Хэл сонгох: | испани |
| Хэвлэсэн: |
Santiago
Mineduc
2002
|
| Нөхцлүүд: | |
| Шошгууд: |
Шошго нэмэх
Шошго байхгүй, Энэхүү баримтыг шошголох эхний хүн болох!
|
MARC
| LEADER | 00000nam a2200000 a 4500 | ||
|---|---|---|---|
| 001 | UCM7798 | ||
| 003 | CL-VaPUC | ||
| 008 | 030110e20020000CL |||||||||||||||||spa|d | ||
| 082 | 0 | 4 | |a 370.983 |b MIN |2 21 |
| 110 | 2 | |a Ministerio de Educación |e author |9 473426 | |
| 245 | 1 | 0 | |a Estadísticas de la educación, año 2001 |
| 300 | |a 249 p | ||
| 942 | |c BK | ||
| 945 | |d 20030110 00:00:00 |a cmena | ||
| 260 | |a Santiago |b Mineduc |c 2002 | ||
| 650 | 0 | |a Estadísticas educacionales |9 331921 | |
| 650 | 0 | |a Planificación de la educación |9 307333 | |
| 650 | 7 | |a POBLACION EN EDAD ESCOLAR |2 CL-VaPUC |9 369303 | |
| 650 | 7 | |a PRESUPUESTOS EDUCACIONALES |2 CL-VaPUC |9 356591 | |
| 650 | 0 | |a Política gubernamental |9 262286 | |
| 650 | 0 | |a Reforma educacional |9 256319 | |
| 651 | 7 | |a CHILE |2 CL-VaPUC |9 473427 | |
| 583 | |a last modification |c 20030110 00:00:00 |k Rodrigo Vera | ||
| 999 | |c 302467 |d 302465 | ||
| 952 | |0 0 |1 0 |4 0 |6 370_983000000000000_MIN_2002 |7 0 |8 A |9 363051 |a BIBEDU |b BIBEDU |d 2019-11-21 |i 3872912 |o 370.983 MIN 2002 |p 3872912 |r 2019-11-21 |w 2019-11-21 |y BK |k BME | ||